LIBRARY & INFORMATION CENTRE, KCAET, TAVANUR

ONLINE PUBLIC ACCESS CATALOGUE (OPAC)

Restoration Comedy 1660-1720 / (Record no. 3985)

MARC details
000 -LEADER
fixed length control field 00276cam a2200109ua 4500
082 ## - DEWEY DECIMAL CLASSIFICATION NUMBER
Classification number 828.09
Item number DOB/RE
100 ## - MAIN ENTRY--AUTHOR NAME
Personal name Dobree, Benamy .
245 ## - TITLE STATEMENT
Title Restoration Comedy 1660-1720 /
260 ## - PUBLICATION, DISTRIBUTION, ETC. (IMPRINT)
Place of publication London :
Name of publisher Oxford University Press ,
Year of publication 1962.
300 ## - PHYSICAL DESCRIPTION
Number of Pages 182 ; .
942 ## - ADDED ENTRY ELEMENTS (KOHA)
Koha item type Books
Holdings
Withdrawn status Lost status Damaged status Home library Current library Date acquired Cost, normal purchase price Full call number Accession Number Koha item type Public note
Withdrawn     KAUAET Sanskrit University 07/04/2012 15.00 828.09 6686 Books Transferred to Sanskrit University
Withdrawn     KAUAET Sanskrit University 07/04/2012   828.09 5057 Books  
free website counter